A New Look at Modern Indian History (Record no. 49950)

MARC details
000 -LEADER
fixed length control field 00394nam a2200145Ia 4500
008 - FIXED-LENGTH DATA ELEMENTS--GENERAL INFORMATION
fixed length control field 220530s9999 xx 000 0 und d
041 ## - LANGUAGE CODE
Language code of text/sound track or separate title eng
082 ## - DEWEY DECIMAL CLASSIFICATION NUMBER
Classification number 909.48
Item number GRO
100 ## - MAIN ENTRY--PERSONAL NAME
Personal name Grover B.L; Mehta Alka
9 (RLIN) 54652
245 ## - TITLE STATEMENT
Title A New Look at Modern Indian History
260 ## - PUBLICATION, DISTRIBUTION, ETC. (IMPRINT)
Place of publication, distribution, etc. Delhi
Name of publisher, distributor, etc. S Chand & Co Ltd
Date of publication, distribution, etc. 2010
300 ## - PHYSICAL DESCRIPTION
Extent XXIX, 570
Other physical details PB
700 ## - ADDED ENTRY--PERSONAL NAME
Personal name Mehta Alka
9 (RLIN) 54653
906 ## - LOCAL DATA ELEMENT F, LDF (RLIN)
a 72.5
b MECH
Holdings
Withdrawn status Lost status Damaged status Not for loan Collection code Home library Current library Date acquired Vendor Cost, normal purchase price Full call number Barcode Date last seen Cost, replacement price Bill Date Koha item type Original Barcode
        Allied Science Cummins College of Engineering for Women Nagpur Cummins College of Engineering for Women Nagpur 20/11/2010 S. Chand and Co 290.00 909.48/GRO CEWN-BK-2559 30/05/2022 217.50 30/05/2022 Books 002559